00697nam a2200193 a 4500020001500000040000800015082002600023100002600049245011400075260007900189300005400268500004400322650002700366650002700393650002700420650002100447650001400468650002100482 a9290532831 cDLC a963 AGI 1994 C153 Or.1 aCoppock, David Layne.14aThe Borana Plateau of southern Ethiopia :bsynthesis of pastoral research, development, and change, 1980-91 / aAddis Ababa, Ethiopia :bInternational Livestock Centre for Africa,c1994. axv, 299, [95] p. :bill., maps (1 col.) ;c30 cm. aOne col. map on 1 folded leaf inserted. 0aBoran (African people) 0aBoran (African people) 0aBoran (African people) 0aPastoral systems 0aLivestock 0aRange management